| 000 | 00584pam a2200169 a 4500 | ||
|---|---|---|---|
| 020 | _a0884150852 | ||
| 082 | 0 | 0 |
_a622/.3382 _bCHI _cL-37, P-148 |
| 100 | 1 |
_aChin, Wilson C. _942033 |
|
| 245 | 1 | 0 |
_aModern reservoir flow and well transient analysis / _cWilson C. Chin. |
| 260 |
_aHouston : _bGulf Pub. Co., _cc1993. |
||
| 300 |
_axiv, 384 p. : _bill. ; _c24 cm. |
||
| 526 |
_a0 _b0 _c0 _d622_338200000000000_CHI |
||
| 650 | 0 |
_aMCE _9379 |
|
| 650 | 0 |
_aOil reservoir engineering _xMathematical models. _942034 |
|
| 650 | 0 |
_aWells _xFluid dynamics _xMathematical models. _942035 |
|
| 942 |
_2ddc _cBK |
||
| 999 |
_c546036 _d546036 |
||